000 01050nas a2200337 4500
001 BR2015002331
003 BR-BrBNA
005 20231205125237.0
007 ta
008 230509b bl.|||p| |||| 00| 00por d
040 _aBR-BrBNA
_bpor
_cBiblioteca Nacional de Agricultura
041 _a(En)
072 _aQ04
100 1 _aCacere, R.A.S.
100 1 _aMorais, M.G.
100 1 _aAlves, F.V.
100 1 _aFeijó, G.L.D.
100 1 _aÍtavo, C.C.B.F.
100 1 _aÍtavo, L.C.V.
100 1 _aOliveira, L.B.
100 1 _aRibeiro, C.B.
245 1 _aQuantitative and qualitative carcass characteristics of feedlot ewes subjected to increasing levels of concentrate in the diet
650 _aOVELHA
650 _aCARNE
650 _aQUALIDADE
650 _aCOMPOSIÇÃO QUÍMICA
650 _aRENDIMENTO
773 0 _tArquivo Brasileiro de Medicina Veterinária e Zootecnia (Brazil)
_xISSN 0102-0935
_g(Oct 2014), v. 66(5) p. 1601-1610
_wBR2015002331
909 _a202311
_bLúcia
_c55
_dLúcia Elande
942 _2AGRIS
_n0
_cANA
999 _c243407
_d243407